Países transcontinentales - Estadísticas

Estadísticas generales
  • Esta prueba ha sido intentada 97 veces
  • La puntuación promedio es 20 de 26
Estadísticas de respuestas
Continentes que toca Pais % Correcto
Asia y Europa Rusia
99%
Asia y Europa Turquía
99%
Europa, América del sur, América del Norte,África,OceaníaY con reclamo territorial en la Antártida Francia
93%
América del sur, oceaniaY con reclamo territorial En la Antártida Chile
90%
Europa y África España
90%
América del Norte y Oceanía Estados Unidos
90%
Asia y Europa Georgia
90%
Asia y Europa Armenia
89%
Europa,América del Sur, América del Norte,África ,OceaniaY con reclamo territorial en la Antártida Reino Unido
89%
Asia y Europa Azerbaiyán
88%
América del sur y ReclamoTerritorial en la Antártida Argentina
85%
Oceanía,Asia y con reclamoTerritorial en la Antártida Australia
81%
Asia y África Egipto
81%
Asia y Oceanía Indonesia
81%
América del norte y Europa Dinamarca
79%
Asia y a veces considerado en Europa Chipre
78%
Europa,África Portugal
75%
Europa y una de sus islas en África Italia
71%
Asia y Europa Kazajistán
69%
Europa y con reclamo territorial en la Antártida Noruega
65%
Asia y su isla más lejana está en Oceanía Japon
64%
La mayoría de personas lo considera parte de EuropaPero toca las placas Norteamericana y Euroasiática Islandia
63%
Europa y América del Norte Países Bajos
61%
Europa y pocas veces se le considera que la parte oriental de su territorio
Esta en Asia
Grecia
57%
Ásia y a Veces su isla se le suele considerar en África Yemen
46%
América del Sur y unas de sus islas en América del Norte Venezuela
38%
No se encontraron pruebas coincidentes
Distribución de puntuación
Porcentaje de gente con cada puntuación
Porcentaje por número respondido
Historial de tus puntuaciones
No has intentado esta prueba.